00482cam a22001337a 4500020002900000020002900029020002900058040000800087082002600095245006100121260010000182300004300282700002300325 a9712200434 (Philippines) a1555874312 (pbk. : U.S.) a1555874045 (hard : U.S.) cDLC a338 INT 1994 A079 Co.00aModern rice technology and income distribution in Asia / aManila :bInternational Rice Research Institute ;aBoulder :bLynne Rienner Publishers,cc1994. axxiii, 475 p. :bill., maps ;c23 cm.1 aDavid, Cristina C.